| 000 | 00523nam a2200193Ia 4500 | ||
|---|---|---|---|
| 003 | GCL | ||
| 008 | 140319s9999 xx 000 0 ara d | ||
| 040 |
_aGCL / _cGCL |
||
| 082 | 0 | 4 |
_aق _b962.6 _bم ص |
| 100 | 1 | _aمحمد كامل حتة | |
| 245 | 1 | 0 |
_aصحائف مطوية من تاريخ النوبة / _cمحمد كامل حتة |
| 300 | _a99 ص | ||
| 490 |
_a100 قصة _v0 |
||
| 650 | 0 | 4 | _aمصر |
| 650 | 0 | 4 | _aتاريخ |
| 650 | 0 | 4 | _aالنوبة |
| 650 | 0 | 4 | _aالحضارة النوبية |
| 942 |
_2ddc _cBK |
||
| 999 |
_c45795 _d45795 |
||